000 00603nam a2200217 4500
001 1931
003 O
005 20260410054548.0
008 0
020 _a8120708989
040 _c0
082 _2020
_a020 Kumar P. S. G
100 _aP. S. G. Kumar C. P. Vashishth
245 _aLibrary and information science in india
250 _a0
260 _aNew Delhi
_bSterling publishers private limited
_c1992
300 _b220 pages price, 250
_c12cm
600 _2Library information science india
_aLibrary information science india
650 _2Library information science
942 _2ddc
_cBK
_n0
999 _c1931
_d1931